000 00322nam a22001337a 4500
008 170808b xxu||||| |||| 00| 0 eng d
020 _a9780833031105
041 _aeng
080 _a004
100 _a35
101 _aSHKI
245 _aCONDUCTING RESEARCH SURVEYS VIA E-MAIL AND THE WEB
_cSCHONLAU, M
942 _2udc
_cBK
999 _c22919
_d22919